000 00356nam a2200133Ia 4500
008 240624s9999 xx 000 0 und d
041 _aeng
082 _a332042 CHE
100 _aCHEUNG YIN WONG
245 _aEVOLVING ROLE OF ASIA IN GLOBAL FINANCE
260 _c2011
_aUnited Kingdom
_bEmerald
300 _axxviii, : 418 : p. : cm. ; 23
365 _c
_b25
999 _c24267
_d24267